LEADER 01118nam0 22003253i 450 001 VEA0019818 005 20231121125918.0 010 $a0071004726 100 $a20200131d1987 ||||0itac50 ba 101 | $aeng 102 $aus 181 1$6z01$ai $bxxxe 182 1$6z01$an 200 1 $aComputer graphics$ea programming approach$fSteven Harrington 205 $a2. ed 210 $aNew York \etc.!$aMcGraw-Hill Book Company$dc1987 215 $aXIV, 466 p.$cill.$d22 cm 225 | $aMcGraw-Hill Computer science series 410 0$1001SBL0651695$12001 $aMcGraw-Hill Computer science series 606 $aGrafica per computer$2FIR$3RMLC404916$9I 676 $a006.6$9$v21 700 1$aHarrington$b, Steven$3VEAV011775$4070$06512 801 3$aIT$bIT-01$c20200131 850 $aIT-FR0099 899 $aBiblioteca Area Ingegneristica$bFR0099 912 $aVEA0019818 950 0$aBiblioteca Area Ingegneristica$d 54S. L. 006.6 HAR$e 54EXF0000000655 VMB RS $fA $h20061115$i20200131 977 $a 54 996 $aComputer graphics$9115961 997 $aUNICAS